| 000 | 00000nam 2200000zi 4500 |
| 001 | 9.915404 |
| 003 | CaOODSP |
| 005 | 20231011161327 |
| 006 | m o d f |
| 007 | cr ||||||||||| |
| 008 | 220914e202212##quc o f000 0 eng d |
| 020 | |a9780660454634|q(report) |
| 020 | |a9780660454641|q(summary) |
| 040 | |aCaOODSP|beng|erda|cCaOODSP |
| 041 | |aeng|bfre |
| 043 | |an-cn--- |
| 086 | 1 |aR62-588/1-2023E-PDF |
| 086 | 1 |aR62-588/2-2023E-PDF |
| 245 | 00|aRecreation study (national parks) : |bmethods report / |cprepared for Parks Canada Agency. |
| 264 | 1|aGatineau, QC : |bParks Canada = Parcs Canada,|cDecember 2022. |
| 264 | 4|c©2022 |
| 300 | |a1 online resource (23 pages) + |esummary (2 pages) |
| 336 | |atext|btxt|2rdacontent |
| 337 | |acomputer|bc|2rdamedia |
| 338 | |aonline resource|bcr|2rdacarrier |
| 500 | |aIssued also in French under title: Étude récréative (sur les parcs nationaux) : rapport méthodologique. |
| 500 | |a"Supplier name: Advanis." |
| 500 | |a"Contract number: 5P004-22-0154." |
| 500 | |a"Registration number: POR 043-22." |
| 546 | |aIncludes some text in French. |
| 650 | 0|aNational parks and reserves|zCanada|xPublic opinion. |
| 650 | 0|aPublic opinion|zCanada. |
| 710 | 2 |aParks Canada, |eissuing body. |
| 710 | 2 |aAdvanis (Firm), |econsultant. |
| 775 | 08|tÉtude récréative (sur les parcs nationaux) : |w(CaOODSP)9.915405 |
| 856 | 40|qPDF|s1.46 MB|uhttps://publications.gc.ca/collections/collection_2023/pc/R62-588-1-2023-eng.pdf|zReport |
| 856 | 40|qPDF|s1023 KB|uhttps://publications.gc.ca/collections/collection_2023/pc/R62-588-2-2023-eng.pdf|zSummary |